Academic vocabulary in use: 50 units of academy vocabulary reference and practice. Self-study and classroom use
Guardado en:
| Autores principales: | , |
|---|---|
| Formato: | Libro |
| Lenguaje: | inglés |
| Publicado: |
Cambridge
Cambridge University
2008
|
| Materias: | |
| Etiquetas: |
Agregar Etiqueta
Sin Etiquetas, Sea el primero en etiquetar este registro!
|
MARC
| LEADER | 00000nam a2200000 a 4500 | ||
|---|---|---|---|
| 001 | UCI7070 | ||
| 003 | CL-VaPUC | ||
| 008 | 080605e20080000uk |||||||||||||||||eng|d | ||
| 020 | |a 9780521689397 | ||
| 082 | 0 | 4 | |a 423 |b MCC |2 21 |
| 100 | |a McCarthy, Michael |e autor |9 599142 | ||
| 700 | |a Oï Dell, Felicity |e author |9 521685 | ||
| 245 | 1 | 0 | |a Academic vocabulary in use: 50 units of academy vocabulary reference and practice. Self-study and classroom use |
| 300 | |a 176 p | ||
| 942 | |c BK | ||
| 945 | |d 20080605 00:00:00 |a jtorresc | ||
| 260 | |a Cambridge |b Cambridge University |c 2008 | ||
| 650 | 0 | |a Lengua inglesa |9 318842 | |
| 650 | 0 | |a Educación lingüística |9 306506 | |
| 650 | 0 | |a Métodos de enseñanza |9 270413 | |
| 583 | |a last modification |c 20130807 01:23:04 |k Rodrigo Vera | ||
| 999 | |c 330469 |d 330467 | ||
| 952 | |0 0 |1 0 |4 0 |6 423_000000000000000_MCC_2008 |7 0 |8 R |9 416031 |a BIBEDU |b BIBEDU |d 2019-11-22 |i 4446895 |o 423 MCC 2008 |p 4446895 |r 2023-01-13 |w 2019-11-22 |y BK_R |k LIT | ||
| 952 | |0 0 |1 0 |4 0 |6 423_000000000000000_MCC_2008 |7 0 |8 R |9 416032 |a BIBEDU |b BIBEDU |c MCIRC |d 2019-11-22 |i 4446909 |o 423 MCC 2008 |p 4446909 |r 2023-01-13 |w 2019-11-22 |y BK_R |k LIT | ||
| 952 | |0 0 |1 0 |4 0 |6 423_000000000000000_MCC_2008 |7 0 |8 R |9 416033 |a BIBEDU |b BIBEDU |d 2019-11-22 |i 4446917 |o 423 MCC 2008 |p 4446917 |r 2023-01-13 |w 2019-11-22 |y BK_R |k LIT | ||